000 00334nam a2200145Ia 4500
100 _aMann/ Eric/ Litton/ Gerry
942 _cBK
654 _acomputer
245 _aPC Week : Guide to Lotus Notes Ref 4
260 _bZiff Daviz Press
_c1996
082 _a005.139(l)
_bman/
300 _a972
546 _aENGLISH
999 _c22226
_d22226